000 03331nab a2200301 i 4500
003 BR-BrBNA
005 20250313224035.0
008 250313b2022 bl.ar|pooa||| 00| 0 eng |
040 _aBR-BrBNA
_beng
072 _aK50
100 _aAraujo, Victor Almeida De
100 _aVasconcelos, Juliano Souza
100 _aCortez-Barbosa, Juliana
100 _aMorales, Elen Aparecida Martines
100 _aGava, Maristela
100 _aGarcia, José Nivaldo
245 _aCAN TIMBER HOUSES BE PRODUCTIVELY FASTER TO BUILD THAN OTHER BUILDINGS?
500 _aPublicação on-line; 2 tables; Sumaries (En, Pt); Bibliography p. 11 - 15
520 _a ABSTRACT – To identify the time spent with the diff erent construction techniques of timber houses, this study evaluates the execution time of diff erent models available in Brazil. Using face-to-face interviews, semi-structured questionnaires were randomly applied to collect average time according to distinct production methods. The most effi cient techniques were: ‘clapboard and wainscot’, ‘post-and-beam’, and ‘log-home using artisanal production; ‘clapboard and wainscot’, ‘stick framing with masonry’, and ‘post-and-beam’ in semi-industrial process; and, ‘modular for building sites’, ‘modular in cross-laminated timber’ and ‘modular woodframe’ in industrial production. Diff erent industrial developers were not as agile as artisanal competitors due to production obstacles in customized projects. Timber construction off ers lower execution time than masonry, representing an agile form to build a versatile sustainable dwelling. Keywords: Building time; timber; construction sector
520 _a RESUMO – Para identificar o tempo gasto com as diferentes técnicas de construção de casas de madeira, este estudo avalia o tempo de execução de diferentes modelos disponíveis no Brasil. Utilizando entrevistas face-aface, formulários semiestruturados foram randomicamente aplicados para coletar o tempo médio de acordo com distintos métodos de produção. As técnicas mais eficientes foram: ‘tábua e mata-junta’, ‘pilar-viga’ e ‘casa de toras’ utilizando produção artesanal; ‘tábua e mata-junta’, ‘paliteiro com alvenaria’ e ‘pilar-viga’ em processo semi-industrial; e, ‘modular para canteiros de obras’, ‘modular em madeira laminada coladacruzada’ e ‘entramado leve modular’ em produção industrial. Diferentes produtores industriais não foram tão ágeis como seus concorrentes artesanais devido aos obstáculos produtivos em projetos customizados. A construção em madeira oferece um tempo produtivo mais baixo que a alvenaria, representando uma forma ágil para construir uma moradia sustentável e versátil. Palavras-Chave: Tempo de construção; madeira; setor construtivo.
650 _aMADEIRA
650 _aPROCESSAMENTO
650 _aMATERIAL DE CONSTRUÇÃO
773 0 _0812
_9346929
_dViçosa-MG Sociedade de Investigações Florestais - Universidade Federal de Viçosa. Depto. de Engenharia Florestal 1977
_o2024-7727
_tRevista Árvore (Brazil)
_x0100-6762
_gv. 46 p. 1-15; (2022)
_wBR2024004869
856 _uhttps://www.scielo.br/j/rarv/a/Cgppyx8yPFvFqPfg6WfPgHc/?format=pdf&lang=en
942 _cANA
999 _c330394
_d330394